| 000 | 00376nam a2200169Ia 4500 | ||
|---|---|---|---|
| 003 | 0STCL | ||
| 008 | 150530s9999 xx 000 0 und d | ||
| 040 |
_aSTCL _cSTCL |
||
| 100 | _aKrishna Wariyer, N.V. | ||
| 245 | _aPuzhakal | ||
| 260 |
_bCalicut University _c1995 |
||
| 300 | _a0 | ||
| 546 | _aMalayalam | ||
| 942 |
_2ddc _cBK |
||
| 999 |
_c48308 _d48308 |
||
| 005 | 20220125170740.0 | ||